Strzelcy bramek w 6 kolejce Ekstraklasy w sezonie 2021/22. - Statystyki

Ogólne statystyki
  • Ten quiz został rozwiązany 19 razy
  • Średni wynik to 12 z 21
Statystyki odpowiedzi
Mecz Piłkarz % Poprawnych
Zagłębie Lubin - Śląsk Wrocław 0:2 Exposito
74%
Zagłębie Lubin - Śląsk Wrocław 1:3 Exposito
74%
Lech Poznań - Pogoń Szczecin 1:1 Tiba
74%
Wisła Kraków - Legia Warszawa 1:0 Brown Forbes
68%
Stal Mielec - Górnik Łęczna 2:0 Mak
68%
Lech Poznań - Pogoń Szczecin 0:1 Zahovic
68%
Wisła Płock - Raków Częstochowa 0:1 Cebula
63%
Warta Poznań - Jagiellonia Białystok 1:1 Cernych
63%
Lechia Gdańsk - Radomiak Radom 2:2 Angielski
58%
Stal Mielec - Górnik Łęczna 1:0 Piasecki
58%
Termalica - Cracovia 0:1 van Amersfoort
58%
Termalica - Cracovia 0:2 van Amersfoort
58%
Lechia Gdańsk - Radomiak Radom 2:0 Gajos
53%
Zagłębie Lubin - Śląsk Wrocław 1:2 (Bramka Samobójcza) Golla
53%
Warta Poznań - Jagiellonia Białystok 1:0 Kuzimski
53%
Lechia Gdańsk - Radomiak Radom 2:1 Machado
53%
Lechia Gdańsk - Radomiak Radom 1:0 Żukowski
47%
Zagłębie Lubin - Śląsk Wrocław 0:1 Praszelik
42%
Górnik Zabrze - Piast Gliwice 0:1 Sokołowski
42%
Wisła Płock - Raków Częstochowa 1:1 Warchoł
37%
Termalica - Cracovia 1:2 Czarnowski
32%
Nie znaleziono quizów pasujących do podanych kryteriów
Rozkład punktacji
Procent ludzi z każdym wynikiem
Percentyl według liczby udzielonych odpowiedzi
Twoja historia wyników
Nie rozwiązałeś tego quizu